The Barg's Self-Referential Logic Puzzle - Medium - Statistics

General Stats
  • This quiz has been taken 117 times
    116 since last reset
  • The average score is 8 of 15
Answer Stats
Question Answer % Correct
Which question is the first to have A as the correct answer? (A) 1
74%
[C] = ? (C) 3
66%
Which question is the last to have C as the correct answer? (D) 15
62%
[D] = ? (D) None of the above
60%
[D] - [C] = ? (D) 3
58%
Which of the following sets all share the same answer? (D) Multiples of 5
58%
What is the answer to question 6? (A) D
55%
[B] = ? (B) 4
55%
What is the answer to question 12? (B) A
55%
How many unique letters exist in the answers to the first three questions? (C) 2
53%
What is the answer to question 12? (D) A
53%
Which question is the last to have D as the correct answer? (B) 13
51%
How many unique letters exist in the answers to perfect square questions? (B) 2
51%
Which is the first pair of questions to share the same answer? (C) 2 and 3
49%
Which question is the first to have B as the correct answer? (D) 4
47%
No matching quizzes found
Score Distribution
Percent of People with Each Score
Percentile by Number Answered
Your Score History
You have not taken this quiz since the last reset